Hooligan : (Record no. 193234)
[ view plain ]
| 000 -LEADER | |
|---|---|
| campo de control de longitud fija | 02548nam a2200361 i 4500 |
| 001 - NÚMERO DE CONTROL | |
| campo de control | 193234 |
| 003 - IDENTIFICADOR DE NÚMERO DE CONTROL | |
| campo de control | SpMaBN |
| 005 - FECHA Y HORA DE LA ÚLTIMA TRANSACCIÓN | |
| campo de control | 20250804062654.0 |
| 007 - CAMPO FIJO DE DESCRIPCIÓN FÍSICA--INFORMACIÓN GENERAL | |
| campo de control de longitud fija | ta |
| 008 - DATOS DE LONGITUD FIJA--INFORMACIÓN GENERAL | |
| campo de control de longitud fija | 170531s2017 sp 000 f spa |
| 017 ## - NÚMERO DE COPYRIGHT O DE DEPÓSITO LEGAL | |
| Número de copyright o de depósito legal | M 9325-2017 |
| Agencia que asigna | Oficina Depósito Legal Madrid |
| 020 ## - NÚMERO INTERNACIONAL ESTÁNDAR DEL LIBRO | |
| Número Internacional Estándar del Libro | 9788491047513 |
| 035 ## - NÚMERO DE CONTROL DEL SISTEMA | |
| Número de control de sistema | a5972368 |
| 040 ## - FUENTE DE CATALOGACIÓN | |
| Centro catalogador/agencia de origen | SpMaBN |
| Lengua de catalogación | spa |
| Centro/agencia transcriptor | SpMaBN |
| Normas de descripción | rdc |
| 080 ## - NÚMERO DE LA CLASIFICACIÓN DECIMAL UNIVERSAL | |
| Número de la Clasificación Decimal Universal | 821.112-31"20" |
| 100 1# - ENTRADA PRINCIPAL--NOMBRE DE PERSONA | |
| Nombre de persona | Winkler, Philipp, |
| Fechas asociadas al nombre | 1986- |
| Relación | aut |
| Número de control del registro de autoridad o número normalizado | XX5747830 |
| 9 (RLIN) | 234351 |
| Término indicativo de función/relación | Autor |
| 245 10 - MENCIÓN DEL TÍTULO | |
| Título | Hooligan : |
| Mención de responsabilidad, etc. | Philipp Winkler ; traducido del alemán por Carlos Fortea |
| 260 ## - PUBLICACIÓN, DISTRIBUCIÓN, ETC. | |
| Lugar de publicación, distribución, etc. | Madrid : |
| Nombre del editor, distribuidor, etc. | AdN Alianza de Novelas, |
| Fecha de publicación, distribución, etc. | [2017] |
| 300 ## - DESCRIPCIÓN FÍSICA | |
| Extensión | 297 páginas ; |
| Dimensiones | 22 cm |
| 336 ## - TIPO DE CONTENIDO | |
| Término de tipo de contenido | Texto (visual) |
| Fuente | isbdcontent |
| 337 ## - TIPO DE MEDIO | |
| Nombre/término del tipo de medio | sin mediación |
| Fuente | isbdmedia |
| 338 ## - TIPO DE SOPORTE | |
| Fuente | rdacarrier |
| Nombre/término del tipo de soporte | volumen |
| 520 ## - RESUMEN, ETC. | |
| Sumario, etc. | Toda persona tiene dos familias. Aquella en la que nace, y aquella por la que opta.<br/><br/>" Hooligan " es la historia de Heiko Kolbe y quienes considera sus hermanos de sangre, hinchas de fútbol de la ciudad de Hannover. La madre de Heiko abandonó la familia cuando él era un niño; su padre es alcohólico y convive desde hace unos años con una mujer que trajo de Tailandia después de unas vacaciones. Heiko dejó el instituto en el último año y no tiene el título de bachillerato. Trabaja en el gimnasio de su tío paterno, Alex, líder de una banda que se encarga de organizar peleas con grupos de " hooligans " de otras ciudades vecinas. Combates organizados en lugares concretos, a determinadas horas y con reglas estrictas, que Heiko vive casi como enfrentamientos deportivos.<br/><br/>Philipp Winkler nos habla, por un lado, de la violencia, el fanatismo y la necesidad de aceptación y pertenencia a un grupo, pero también del corazón de un chico duro que pelea para proteger lo que para él es sagrado. La prosa de Winkler se adueña del lector y le transporta a un mundo extraño dentro del nuestro. Y con " Hooligan " , se inserta en una gran tradición literaria: dar voz a los que no la tienen. |
| 655 #0 - TERMINO DE INDIZACIÓN--GENERO/FORMA | |
| Datos o término principal de género/forma | Novelas |
| 9 (RLIN) | 234319 |
| 700 1# - ENTRADA AGREGADA--NOMBRE PERSONAL | |
| Nombre de persona | Fortea, Carlos, |
| Fechas asociadas al nombre | 1963- |
| Relación | trl |
| Término indicativo de función/relación | Traductor |
| 9 (RLIN) | 51844 |
| 852 ## - LOCALIZACIÓN | |
| Ubicación | ES-MaACL |
| Sublocalización o colección | R. 154633 |
| Ubicación en estantería | Depósito J |
| itemnumber | 200657 |
| Donativo/Legado | Donación: Carlos Fortea |
| Número de control de estantería | N-9402 |
| Encuadernación | Encuadernación rústica con solapas |
| 903 ## - NOMBRE PERSONAL DE DONANTE | |
| a | Fortea, Carlos, |
| d | 1963- |
| e | Donante |
| 9 | 51844 |
| 942 ## - ELEMENTOS DE ENTRADA SECUNDARIOS (KOHA) | |
| Suprimir en OPAC | No |
| Tipo de ítem Koha | Libro impreso |
| Estatus retirado | Estado de pérdida | Fuente del sistema de clasificación o colocación | Estado de daño | No para préstamo | Biblioteca de origen | Biblioteca actual | Ubicación en estantería | Fecha de adquisición | Fuente de adquisición | Número de control de estantería | Total de préstamos | Signatura topográfica completa | Código de barras | Visto por última vez | Tipo de ítem Koha |
|---|---|---|---|---|---|---|---|---|---|---|---|---|---|---|---|
| Clasificación decimal universal | Biblioteca del Ateneo de Madrid | Biblioteca del Ateneo de Madrid | Depósito J | 19/10/2023 | Donación | Ateneísta | N-9402 | 101205946 | 19/10/2023 | Libro impreso |
